[Event "GBR-ch"]
[Site "Aberystwyth, Wales"]
[Date "2014.07.28"]
[Round "9.28"]
[White "Slade, Theodore"]
[Black "Fathallah, Joe"]
[Result "0-1"]
[WhiteElo "1818"]
[BlackElo "1953"]
[PlyCount "156"]
[EventDate "2014.07.19"]
[EventType "swiss"]
[EventRounds "11"]
[EventCountry "GBR"]
[Source "John Saunders"]
[SourceDate "2015.07.24"]

1. e4 e6 2. d4 d5 3. Nd2 Nf6 4. Bd3 c5 5. e5 Nfd7 6. c3 Nc6 7. Ne2 cxd4 8. cxd4
f6 9. exf6 Qxf6 10. Nf3 Bd6 11. Bg5 Qf7 12. O-O Nf6 13. Bh4 O-O 14. Bg3 Qc7 15.
Rc1 Bxg3 16. hxg3 Qd6 17. Bb5 Bd7 18. Bxc6 Bxc6 19. Ne5 Bb5 20. Re1 Bxe2 21.
Rxe2 Rac8 22. Rxc8 Rxc8 23. Rc2 Rf8 24. Nd3 Nd7 25. Qe1 Qb6 26. Nc5 Nxc5 27.
Rxc5 h6 28. Qc3 Rf7 29. b3 Qd6 30. Rc8+ Kh7 31. Qc2+ g6 32. Ra8 Rc7 33. Qe2 a6
34. Re8 Re7 35. Rxe7+ Qxe7 36. Qe5 Qf7 37. b4 h5 38. a4 Kh6 39. Qh8+ Qh7 40.
Qe8 Qg7 41. Qxe6 Qxd4 42. Qe7 Qg7 43. Qxg7+ Kxg7 44. f3 Kf6 45. Kf2 Ke5 46. Ke3
d4+ 47. Kd3 a5 48. Kc4 axb4 49. Kxb4 Kd5 50. a5 Kd6 51. Kc4 Ke5 52. Kb3 Kd5 53.
Kb4 d3 54. Kc3 Kc5 55. Kxd3 Kb5 56. a6 Kxa6 57. Kc4 b5+ 58. Kb4 Kb6 59. g4 hxg4
60. fxg4 g5 61. Kb3 Kc5 62. Kc3 b4+ 63. Kb3 Kb5 64. Kb2 Kc4 65. Kc2 Kd4 66. Kb3
Ke3 67. Kxb4 Kf2 68. Kc3 Kxg2 69. Kd2 Kf3 70. Ke1 Kxg4 71. Kf2 Kh3 72. Kg1 Kg3
73. Kh1 Kh3 74. Kg1 g4 75. Kf1 Kh2 76. Kf2 g3+ 77. Kf3 g2 78. Kf2 g1=Q+ 0-1

[Event "GBR-ch"]
[Site "Aberystwyth, Wales"]
[Date "2014.07.29"]
[Round "10.1"]
[White "Hebden, Mark L"]
[Black "Hawkins, Jonathan"]
[Result "1/2-1/2"]
[WhiteElo "2554"]
[BlackElo "2516"]
[PlyCount "77"]
[EventDate "2014.07.19"]
[EventType "swiss"]
[EventRounds "11"]
[EventCountry "GBR"]
[Source "John Saunders"]
[SourceDate "2015.07.24"]

1. d4 d5 2. Nf3 Nf6 3. c4 e6 4. Bg5 Be7 5. Nc3 h6 6. Bh4 O-O 7. e3 Ne4 8. Bxe7
Qxe7 9. Rc1 c6 10. Bd3 Nxc3 11. Rxc3 dxc4 12. Bxc4 Nd7 13. O-O b6 14. Bd3 c5
15. Be4 Rb8 16. Qc2 a5 17. Rd1 Ba6 18. h3 Rfd8 19. Bc6 cxd4 20. exd4 Nf6 21.
Ne5 Qd6 22. Rg3 Nh5 23. Rf3 Nf6 24. Rg3 Nh5 25. Rc3 Nf6 26. Bf3 Bb7 27. Bxb7
Rxb7 28. Rc6 Qd5 29. Rc7 Rxc7 30. Qxc7 Rf8 31. b3 Qd8 32. Qc4 Nd5 33. g3 Qd6
34. a4 Rd8 35. Rc1 Qa3 36. Kg2 Ne7 37. Rd1 Qd6 38. Qb5 Qc7 39. Qc4 1/2-1/2

[Event "GBR-ch"]
[Site "Aberystwyth, Wales"]
[Date "2014.07.29"]
[Round "10.2"]
[White "Pert, Nicholas"]
[Black "Howell, David W L"]
[Result "1/2-1/2"]
[WhiteElo "2564"]
[BlackElo "2650"]
[PlyCount "124"]
[EventDate "2014.07.19"]
[EventType "swiss"]
[EventRounds "11"]
[EventCountry "GBR"]
[Source "John Saunders"]
[SourceDate "2015.07.24"]

1. d4 Nf6 2. Nf3 e6 3. c4 b6 4. a3 Ba6 5. Qc2 Bb7 6. Nc3 c5 7. dxc5 bxc5 8. Bf4
Nh5 9. Bg5 Be7 10. Bxe7 Qxe7 11. e3 O-O 12. Be2 f5 13. O-O Nc6 14. Rad1 g5 15.
Qd2 Rfd8 16. Qd6 g4 17. Qxe7 Nxe7 18. Ne5 d6 19. Nd3 Nf6 20. f3 gxf3 21. gxf3
a5 22. Rd2 Kf7 23. b3 Ba6 24. Kf2 Rdb8 25. Bd1 Ng6 26. Bc2 Ke7 27. Rfd1 Rb6 28.
Ne1 Rf8 29. a4 Ne5 30. Nb5 Bxb5 31. axb5 a4 32. Ra1 axb3 33. Bxb3 Rbb8 34. Ra6
Rfd8 35. Nd3 Ned7 36. Ra7 Rb6 37. Rda2 Rdb8 38. Ke2 R6b7 39. Nb2 Nb6 40. Rxb7+
Rxb7 41. Na4 Nc8 42. Nc3 Nd7 43. f4 Ra7 44. Rxa7 Nxa7 45. Bc2 Nc8 46. e4 fxe4
47. Nxe4 Ncb6 48. Bd3 d5 49. Nd2 h6 50. Kf3 Kf6 51. Kg4 Kg7 52. Bf1 Kf6 53. Kh5
Kg7 54. Kg4 Nf6+ 55. Kf3 Ne8 56. Nb3 Na4 57. cxd5 exd5 58. Bh3 Nd6 59. Be6 c4
60. Nd4 Nb6 61. Ke3 Kf6 62. Bg4 Kg6 1/2-1/2

[Event "GBR-ch"]
[Site "Aberystwyth, Wales"]
[Date "2014.07.29"]
[Round "10.3"]
[White "Zhou, Yang-Fan"]
[Black "Pert, Richard G"]
[Result "0-1"]
[WhiteElo "2475"]
[BlackElo "2430"]
[PlyCount "64"]
[EventDate "2014.07.19"]
[EventType "swiss"]
[EventRounds "11"]
[EventCountry "GBR"]
[Source "John Saunders"]
[SourceDate "2015.07.24"]

1. e4 c5 2. Nf3 g6 3. d4 cxd4 4. Nxd4 Nf6 5. Nc3 d6 6. Be3 Bg7 7. f3 Nc6 8. Qd2
O-O 9. g4 Be6 10. Nxe6 fxe6 11. O-O-O Ne5 12. Be2 Qc8 13. h4 Nfd7 14. f4 Nc4
15. Bxc4 Qxc4 16. e5 Rad8 17. exd6 Nf6 18. Qg2 Rxd6 19. Rxd6 exd6 20. Rd1 d5
21. Kb1 b5 22. Ne2 Ne4 23. Nd4 e5 24. fxe5 Bxe5 25. h5 a5 26. hxg6 hxg6 27. Rd3
Bxd4 28. b3 Nc3+ 29. Ka1 Qxd3 30. cxd3 Bxe3 31. Qg3 Rf1+ 32. Kb2 Rf2+ 0-1

[Event "GBR-ch"]
[Site "Aberystwyth, Wales"]
[Date "2014.07.29"]
[Round "10.4"]
[White "Fernandez, Daniel Howard"]
[Black "Emms, John M"]
[Result "1/2-1/2"]
[WhiteElo "2396"]
[BlackElo "2456"]
[PlyCount "75"]
[EventDate "2014.07.19"]
[EventType "swiss"]
[EventRounds "11"]
[EventCountry "GBR"]
[Source "John Saunders"]
[SourceDate "2015.07.24"]

1. Nf3 c5 2. b3 Nf6 3. Bb2 d5 4. g3 Nc6 5. d4 Bg4 6. Ne5 e6 7. Nxg4 Nxg4 8. e3
Nf6 9. dxc5 Bxc5 10. Bg2 O-O 11. O-O Qe7 12. a3 Rfd8 13. Nd2 Rac8 14. Qe2 a6
15. c4 Ba7 16. b4 Bb8 17. cxd5 exd5 18. Bh3 Rc7 19. b5 axb5 20. Qxb5 Ba7 21.
Rfe1 Ne5 22. Rad1 Rc2 23. Bxe5 Qxe5 24. Qxb7 Bc5 25. Qb1 Qc3 26. Re2 Rb2 27.
Ne4 Rxb1 28. Nxc3 Rxd1+ 29. Nxd1 Bxa3 30. Ra2 Be7 31. Ra4 Bc5 32. Ra5 Be7 33.
Bg2 g6 34. Ra4 Bc5 35. Bf3 Kg7 36. Nc3 d4 37. Rc4 Bb6 38. exd4 1/2-1/2

[Event "GBR-ch"]
[Site "Aberystwyth, Wales"]
[Date "2014.07.29"]
[Round "10.5"]
[White "Arkell, Keith C"]
[Black "Ward, Chris G"]
[Result "1-0"]
[WhiteElo "2433"]
[BlackElo "2422"]
[PlyCount "133"]
[EventDate "2014.07.19"]
[EventType "swiss"]
[EventRounds "11"]
[EventCountry "GBR"]
[Source "John Saunders"]
[SourceDate "2015.07.24"]

1. Nf3 d5 2. d4 Nf6 3. c4 e6 4. cxd5 exd5 5. Nc3 Bb4 6. Qa4+ Nc6 7. Bg5 O-O 8.
a3 Bxc3+ 9. bxc3 h6 10. Bxf6 Qxf6 11. e3 Qg6 12. Rc1 Rd8 13. g3 Rd6 14. Qd1 Bg4
15. h3 Bxf3 16. Qxf3 Na5 17. Qg4 Rad8 18. Qxg6 Rxg6 19. Rb1 Rb6 20. Rb4 Nc6 21.
Rb5 Rd6 22. Kd2 Rxb5 23. Bxb5 Na5 24. Kc2 Rf6 25. f4 Re6 26. Re1 Kf8 27. Bd3
Ke7 28. g4 g5 29. f5 Rb6 30. e4 dxe4 31. Rxe4+ Kd7 32. Re5 Nc6 33. Rd5+ Ke7 34.
f6+ Kxf6 35. Rd7 Ne7 36. Rxc7 Nd5 37. Rd7 Ne3+ 38. Kd2 Ke6 39. Rc7 Nd5 40. Bc4
Kd6 41. Rxf7 Rb2+ 42. Kc1 Rh2 43. Bxd5 Kxd5 44. Rxb7 Rxh3 45. Kc2 Rg3 46. Rd7+
Kc4 47. Rc7+ Kd5 48. Rc5+ Ke4 49. Re5+ Kf4 50. Re6 Rxg4 51. Rxh6 Rh4 52. Rf6+
Ke4 53. Re6+ Kf5 54. Re8 g4 55. Rg8 Rh3 56. Kb3 Rh6 57. Kc4 Rc6+ 58. Kd3 Ra6
59. Rf8+ Kg5 60. d5 Rxa3 61. Kd4 Ra6 62. Ke5 g3 63. d6 Ra5+ 64. Ke4 Ra1 65.
Rg8+ Kh4 66. d7 Re1+ 67. Kf3 1-0

[Event "GBR-ch"]
[Site "Aberystwyth, Wales"]
[Date "2014.07.29"]
[Round "10.6"]
[White "McPhillips, Joseph"]
[Black "Williams, Simon K"]
[Result "0-1"]
[WhiteElo "2200"]
[BlackElo "2462"]
[PlyCount "60"]
[EventDate "2014.07.19"]
[EventType "swiss"]
[EventRounds "11"]
[EventCountry "GBR"]
[Source "John Saunders"]
[SourceDate "2015.07.24"]

1. e4 c5 2. Nf3 d6 3. d4 cxd4 4. Nxd4 Nf6 5. Nc3 a6 6. Be3 e6 7. Be2 Nbd7 8. f4
Qc7 9. Bf3 Nb6 10. Bf2 Nc4 11. Qc1 e5 12. Nde2 d5 13. fxe5 Nxe5 14. exd5 Bd6
15. Qg5 O-O 16. O-O-O h6 17. Qh4 Bf5 18. Qd4 Rac8 19. Qb6 Qd7 20. Rhf1 Bxc2 21.
Kxc2 Qf5+ 22. Kc1 Rxc3+ 23. Nxc3 Nc4 24. Qxd6 Nxd6 25. Rfe1 Rc8 26. Bd4 Nb5 27.
Be5 Nd7 28. Bd4 Qf4+ 29. Be3 Qb4 30. Bd2 Nc5 0-1

[Event "GBR-ch"]
[Site "Aberystwyth, Wales"]
[Date "2014.07.29"]
[Round "10.7"]
[White "Tan, Justin"]
[Black "Batchelor, Peter J"]
[Result "1-0"]
[WhiteElo "2375"]
[BlackElo "2177"]
[PlyCount "45"]
[EventDate "2014.07.19"]
[EventType "swiss"]
[EventRounds "11"]
[EventCountry "GBR"]
[Source "John Saunders"]
[SourceDate "2015.07.24"]

1. e4 c6 2. d4 d5 3. Nc3 dxe4 4. Nxe4 Nd7 5. Nf3 Ngf6 6. Ng3 g6 7. Bc4 Bg7 8.
c3 O-O 9. O-O c5 10. dxc5 Nxc5 11. Qe2 Bg4 12. Re1 e6 13. h3 Bxf3 14. Qxf3 Nfd7
15. Bf4 e5 16. Be3 Qe7 17. Rad1 Rac8 18. b4 e4 19. Bxc5 Nxc5 20. bxc5 Rxc5 21.
Rxe4 Qc7 22. Bb3 Rxc3 23. Re3 1-0

[Event "GBR-ch"]
[Site "Aberystwyth, Wales"]
[Date "2014.07.29"]
[Round "10.8"]
[White "Haria, Ravi"]
[Black "Mason, Donald J"]
[Result "1-0"]
[WhiteElo "2202"]
[BlackElo "2167"]
[PlyCount "57"]
[EventDate "2014.07.19"]
[EventType "swiss"]
[EventRounds "11"]
[EventCountry "GBR"]
[Source "John Saunders"]
[SourceDate "2015.07.24"]

1. e4 e6 2. d4 d5 3. Nd2 Nf6 4. e5 Nfd7 5. Bd3 c5 6. c3 Nc6 7. Ngf3 f6 8. exf6
Nxf6 9. O-O cxd4 10. cxd4 Bd6 11. Re1 O-O 12. Nf1 Qb6 13. a3 a5 14. Bc2 Bd7 15.
Ng3 Rae8 16. Bg5 Re7 17. Qd2 Be8 18. Re2 h6 19. Be3 Ng4 20. Qd3 g5 21. Rae1
Nxe3 22. Rxe3 Rf6 23. h4 g4 24. Ne5 Nxd4 25. Nxg4 Rg6 26. Nh5 Qxb2 27. Ngf6+
Kh8 28. Nxe8 Qxc2 29. Nxd6 1-0

[Event "GBR-ch"]
[Site "Aberystwyth, Wales"]
[Date "2014.07.29"]
[Round "10.9"]
[White "Shaw, Peter"]
[Black "Jackson, James P"]
[Result "0-1"]
[WhiteElo "2178"]
[BlackElo "2320"]
[PlyCount "70"]
[EventDate "2014.07.19"]
[EventType "swiss"]
[EventRounds "11"]
[EventCountry "GBR"]
[Source "John Saunders"]
[SourceDate "2015.07.24"]

1. d4 Nf6 2. c4 c5 3. d5 e6 4. Nc3 exd5 5. cxd5 d6 6. Nf3 g6 7. Bf4 a6 8. e4 b5
9. Qe2 Be7 10. Qc2 O-O 11. a4 b4 12. Nd1 b3 13. Qb1 Re8 14. Bd3 c4 15. Be2 Nbd7
16. O-O Nc5 17. Nd2 a5 18. Bxc4 Ba6 19. Bxa6 Rxa6 20. Nc3 Rb6 21. Qd1 Rb4 22.
Qe2 Bf8 23. f3 Bg7 24. Rfc1 Nh5 25. Be3 Bd4 26. Bxd4 Rxd4 27. Nf1 f5 28. Re1
fxe4 29. fxe4 Nxe4 30. Nxe4 Rdxe4 31. Qxe4 Rxe4 32. Rxe4 Qb6+ 33. Re3 Nf6 34.
Kh1 Ng4 35. Re2 Nf2+ 0-1

[Event "GBR-ch"]
[Site "Aberystwyth, Wales"]
[Date "2014.07.29"]
[Round "10.10"]
[White "Harvey, Marcus R"]
[Black "Tambini, Jasper"]
[Result "1-0"]
[WhiteElo "2287"]
[BlackElo "2047"]
[PlyCount "79"]
[EventDate "2014.07.19"]
[EventType "swiss"]
[EventRounds "11"]
[EventCountry "GBR"]
[Source "John Saunders"]
[SourceDate "2015.07.24"]

1. g3 e5 2. c4 Nc6 3. Bg2 f5 4. Nc3 Nf6 5. d3 Bb4 6. Bd2 O-O 7. a3 Bxc3 8. Bxc3
d6 9. b4 Qe8 10. b5 Ne7 11. Nf3 Ng6 12. Nd2 h6 13. e3 a6 14. a4 axb5 15. axb5
Rxa1 16. Qxa1 h5 17. Qa5 Qe7 18. Qa7 b6 19. Bc6 Ng4 20. h3 Nh6 21. Kd1 h4 22.
Kc2 hxg3 23. fxg3 Nf7 24. Bd5 Kh7 25. h4 Nh6 26. Nf3 Ng4 27. Ng5+ Kh6 28. Bd2
e4 29. d4 Nf6 30. Bc6 Nh7 31. Nh3 Nf6 32. h5 Nxh5 33. Be1 Nh8 34. Nf4 g6 35.
Nd5 Qg5 36. Qxc7 Be6 37. Qxd6 Rd8 38. Qxe6 Rxd5 39. cxd5 Qxe3 40. Bd2 1-0

[Event "GBR-ch"]
[Site "Aberystwyth, Wales"]
[Date "2014.07.29"]
[Round "10.11"]
[White "Storey, Charles H"]
[Black "Wadsworth, Matthew J"]
[Result "1-0"]
[WhiteElo "2241"]
[BlackElo "2221"]
[PlyCount "81"]
[EventDate "2014.07.19"]
[EventType "swiss"]
[EventRounds "11"]
[EventCountry "GBR"]
[Source "John Saunders"]
[SourceDate "2015.07.24"]

1. e4 e6 2. d4 d5 3. Nc3 Bb4 4. e5 c5 5. a3 Bxc3+ 6. bxc3 Qa5 7. Bd2 Qa4 8. Qb1
c4 9. h4 Ne7 10. h5 h6 11. g4 Nbc6 12. f4 Bd7 13. Nf3 O-O-O 14. Bh3 Rdf8 15.
Qb2 f5 16. exf6 gxf6 17. O-O-O Kb8 18. Rde1 Rhg8 19. Nh4 Rf7 20. f5 exf5 21.
gxf5 Ka8 22. Rhg1 Rfg7 23. Rxg7 Rxg7 24. Ng6 Qa5 25. Bxh6 Rh7 26. Nxe7 Nxe7 27.
Bf8 Ng8 28. Rg1 Rh8 29. Qb4 Qxb4 30. cxb4 Kb8 31. Bg4 Kc8 32. Bf3 Nh6 33. Bg7
Rh7 34. Bxh6 Rxh6 35. Rg6 Rh7 36. Rxf6 Kd8 37. Rd6 Kc7 38. Rxd5 Bc6 39. Rc5 Kd6
40. Bxc6 bxc6 41. f6 1-0

[Event "GBR-ch"]
[Site "Aberystwyth, Wales"]
[Date "2014.07.29"]
[Round "10.12"]
[White "Brown, Martin"]
[Black "Fernandez, Michael"]
[Result "0-1"]
[WhiteElo "2194"]
[BlackElo "2029"]
[PlyCount "62"]
[EventDate "2014.07.19"]
[EventType "swiss"]
[EventRounds "11"]
[EventCountry "GBR"]
[Source "John Saunders"]
[SourceDate "2015.07.24"]

1. e4 c5 2. Nf3 d6 3. d4 cxd4 4. Nxd4 Nf6 5. Nc3 g6 6. Be3 a6 7. f3 b5 8. Qd2
Bb7 9. g4 h6 10. g5 hxg5 11. Bxg5 Nbd7 12. O-O-O Rc8 13. h4 Bg7 14. Bh3 Rc4 15.
Nce2 Ne5 16. Bg2 Rc5 17. b3 Qa8 18. Ng3 Nc6 19. Nxc6 Rxc6 20. Qe2 Nh5 21. Nxh5
Rxh5 22. Bh3 Qd8 23. e5 Bxe5 24. Kb1 Bc8 25. Bg4 Bxg4 26. fxg4 Rh8 27. Bc1 Qa5
28. Rd3 b4 29. Qf3 Rc5 30. Rf1 Qxa2+ 31. Kxa2 Ra5+ 0-1

[Event "GBR-ch"]
[Site "Aberystwyth, Wales"]
[Date "2014.07.29"]
[Round "10.13"]
[White "Lewis, Andrew P"]
[Black "Graham, David B"]
[Result "1-0"]
[WhiteElo "2286"]
[BlackElo "2155"]
[PlyCount "67"]
[EventDate "2014.07.19"]
[EventType "swiss"]
[EventRounds "11"]
[EventCountry "GBR"]
[Source "John Saunders"]
[SourceDate "2015.07.24"]

1. Nf3 Nf6 2. c4 g6 3. Nc3 Bg7 4. e4 d6 5. d4 O-O 6. Be2 e5 7. O-O Nc6 8. d5
Ne7 9. Ne1 Ne8 10. Be3 f5 11. f3 f4 12. Bf2 g5 13. c5 Ng6 14. a4 Rf7 15. a5
dxc5 16. Nd3 Bf8 17. Nxc5 Bxc5 18. Bxc5 Nd6 19. Qc2 h5 20. a6 g4 21. axb7 Nxb7
22. Nb5 g3 23. Kh1 Nh4 24. Rg1 Nf5 25. h3 Qh4 26. Bf1 Nxc5 27. exf5 Nb7 28. Bd3
Nd6 29. Nxd6 cxd6 30. Qc6 Rb8 31. Qxd6 Rxb2 32. Qg6+ Rg7 33. Qe8+ Kh7 34. f6+
1-0

[Event "GBR-ch"]
[Site "Aberystwyth, Wales"]
[Date "2014.07.29"]
[Round "10.14"]
[White "Rudd, Jack"]
[Black "Hackner, Oskar A"]
[Result "0-1"]
[WhiteElo "2278"]
[BlackElo "2108"]
[PlyCount "94"]
[EventDate "2014.07.19"]
[EventType "swiss"]
[EventRounds "11"]
[EventCountry "GBR"]
[Source "John Saunders"]
[SourceDate "2015.07.24"]

1. d4 Nf6 2. c4 e6 3. Nc3 Bb4 4. f3 c5 5. d5 d6 6. e4 Bxc3+ 7. bxc3 e5 8. Bd3
Nbd7 9. Ne2 Nf8 10. O-O Ng6 11. Rb1 b6 12. Bc2 O-O 13. Ba4 Rb8 14. Kh1 Nh5 15.
Rb2 Nhf4 16. Ng1 Ne7 17. g3 Nfg6 18. h4 f5 19. h5 Nh8 20. f4 Nf7 21. g4 fxe4
22. f5 Kh8 23. Nh3 h6 24. Nf2 a6 25. Nxe4 Ng8 26. f6 Nxf6 27. Nxf6 gxf6 28.
Rbf2 f5 29. Bc2 Qh4+ 30. Rh2 Qe7 31. Bxf5 Ng5 32. Rhf2 b5 33. Qc2 Bb7 34. Bxg5
Qxg5 35. Be6 Rf4 36. Qg6 Qxg6 37. hxg6 Rbf8 38. Rxf4 Rxf4 39. Rxf4 exf4 40.
cxb5 axb5 41. Kg2 Kg7 42. Kf3 Kxg6 43. Kxf4 b4 44. cxb4 cxb4 45. Bf5+ Kf6 46.
Ke4 Kg5 47. Bd7 Ba6 0-1

[Event "GBR-ch"]
[Site "Aberystwyth, Wales"]
[Date "2014.07.29"]
[Round "10.15"]
[White "Jarmany, John"]
[Black "Kett, Tim"]
[Result "0-1"]
[WhiteElo "2073"]
[BlackElo "2270"]
[PlyCount "88"]
[EventDate "2014.07.19"]
[EventType "swiss"]
[EventRounds "11"]
[EventCountry "GBR"]
[Source "John Saunders"]
[SourceDate "2015.07.24"]

1. d4 Nf6 2. Bf4 g6 3. e3 Bg7 4. Nf3 O-O 5. Be2 d6 6. h3 Nbd7 7. Nbd2 b6 8. c3
Bb7 9. Qc2 Qe8 10. e4 e5 11. dxe5 dxe5 12. Be3 Qe7 13. b4 a5 14. O-O Nh5 15. a3
Nf4 16. Bc4 Kh8 17. Rfe1 Ne6 18. Qb3 Nf4 19. Rad1 axb4 20. axb4 Nf6 21. Ng5
N6h5 22. Ndf3 f5 23. Bxf4 Nxf4 24. g3 fxe4 25. gxf4 exf3 26. Nf7+ Rxf7 27. Bxf7
Rf8 28. Be6 Rxf4 29. Bg4 h5 30. Rd4 Rxd4 31. cxd4 hxg4 32. dxe5 Qh4 33. Qc4
Qxh3 34. Qf1 Qxf1+ 35. Kxf1 Ba6+ 36. Kg1 Be2 37. e6 Kg8 38. Rb1 Bd4 39. Kh2
Bxf2 40. e7 Kf7 41. Rc1 g3+ 42. Kh3 g2 43. b5 Bf1 44. Rxc7 g1=Q# 0-1

[Event "GBR-ch"]
[Site "Aberystwyth, Wales"]
[Date "2014.07.29"]
[Round "10.16"]
[White "Pleasants, Allan J"]
[Black "Villiers, Thomas"]
[Result "1/2-1/2"]
[WhiteElo "2061"]
[BlackElo "2068"]
[PlyCount "79"]
[EventDate "2014.07.19"]
[EventType "swiss"]
[EventRounds "11"]
[EventCountry "GBR"]
[Source "John Saunders"]
[SourceDate "2015.07.24"]

1. e4 d5 2. exd5 Qxd5 3. Nc3 Qa5 4. d4 Nf6 5. Bc4 Bf5 6. Nf3 e6 7. O-O c6 8.
Re1 Nbd7 9. Bf4 Bb4 10. Bd2 O-O-O 11. a3 Bxc3 12. Bxc3 Qc7 13. Qe2 Bg4 14. Qe3
Nb6 15. Ne5 Nxc4 16. Nxc4 Bf5 17. Ne5 Nd5 18. Qf3 f6 19. Nd3 Nxc3 20. bxc3 Bxd3
21. cxd3 Qa5 22. Qg4 Qxc3 23. Qxg7 Qxd4 24. Rab1 Qd7 25. Qxf6 Rhf8 26. Qb2 Qf7
27. Rxe6 Rxd3 28. Re2 Rfd8 29. Rbe1 Rd1 30. Qe5 Qg6 31. h3 R1d5 32. Qe7 Rd3 33.
Re3 Qd6 34. Qxh7 Qxa3 35. Re7 R3d7 36. Qf5 Kc7 37. Qe5+ Qd6 38. Rxd7+ Kxd7 39.
Qa1 Qc5 40. Rd1+ 1/2-1/2

[Event "GBR-ch"]
[Site "Aberystwyth, Wales"]
[Date "2014.07.29"]
[Round "10.17"]
[White "Hill, Clive E"]
[Black "Bullen, Alex"]
[Result "0-1"]
[WhiteElo "2330"]
[BlackElo "2054"]
[PlyCount "162"]
[EventDate "2014.07.19"]
[EventType "swiss"]
[EventRounds "11"]
[EventCountry "GBR"]
[Source "John Saunders"]
[SourceDate "2015.07.24"]

1. d4 d5 2. Nc3 c6 3. Bf4 Bf5 4. f3 Nf6 5. g4 Bg6 6. h4 h5 7. g5 Ng8 8. e4 e6
9. a3 Bd6 10. Qd2 Ne7 11. Nh3 O-O 12. Rd1 Re8 13. Qh2 Bxf4 14. Qxf4 Qb6 15. b4
a5 16. Na4 Qa7 17. b5 cxb5 18. Bxb5 Nbc6 19. c3 Red8 20. Nf2 Nc8 21. Bxc6 bxc6
22. Nd3 Rb8 23. Nac5 Ne7 24. O-O Rb6 25. Rb1 Rdb8 26. Rxb6 Rxb6 27. Qd6 Qb8 28.
Qxb8+ Rxb8 29. Nc1 Rb2 30. N1d3 Rd2 31. Rb1 dxe4 32. Rb8+ Kh7 33. Nd7 Rd1+ 34.
Kf2 e3+ 35. Kxe3 Bxd3 36. Nf8+ Kh8 37. Ng6+ Kh7 38. Nxe7 Bb5 39. Rf8 Rd3+ 40.
Kf2 Rxc3 41. Rxf7 Bd3 42. Rf8 Rxa3 43. Nxc6 a4 44. Ne5 Bb1 45. Kg3 Rb3 46. Kf4
Rb4 47. g6+ Bxg6 48. Nxg6 Kxg6 49. Ke5 Rb5+ 50. Kxe6 Ra5 51. Rc8 a3 52. Rc1 a2
53. Ra1 Ra6+ 54. Kd5 Kf6 55. Kc5 Ke6 56. d5+ Kd7 57. Kb5 Ra8 58. Kc4 Kd6 59.
Kb3 Kxd5 60. Kb2 Ke5 61. Re1+ Kf4 62. Ka1 Ra7 63. Rg1 Kxf3 64. Rg5 g6 65. Rxg6
Ra4 66. Rg5 Rxh4 67. Kxa2 Rh2+ 68. Kb1 h4 69. Rg8 h3 70. Rf8+ Kg2 71. Rg8+ Kf2
72. Rh8 Rh1+ 73. Kb2 Kg2 74. Rg8+ Kh2 75. Rh8 Rg1 76. Rh7 Rg3 77. Rc7 Kh1 78.
Rc1+ Rg1 79. Rc8 h2 80. Rh8 Kg2 81. Rg8+ Kf3 0-1

[Event "GBR-ch"]
[Site "Aberystwyth, Wales"]
[Date "2014.07.29"]
[Round "10.18"]
[White "Hill, Alistair"]
[Black "Zhang, Anthony Y"]
[Result "1/2-1/2"]
[WhiteElo "2126"]
[BlackElo "1926"]
[PlyCount "80"]
[EventDate "2014.07.19"]
[EventType "swiss"]
[EventRounds "11"]
[EventCountry "GBR"]
[Source "John Saunders"]
[SourceDate "2015.07.24"]

1. Nf3 Nf6 2. g3 g6 3. Bg2 Bg7 4. O-O O-O 5. d4 d6 6. c4 Nc6 7. Nc3 Bf5 8. b3
Ne4 9. Bb2 Nxc3 10. Bxc3 Be4 11. Qd2 d5 12. Rfd1 e6 13. Rac1 a5 14. Ne5 Nxe5
15. Bxe4 Nxc4 16. bxc4 dxe4 17. Bxa5 Qxd4 18. Qxd4 Bxd4 19. Bxc7 Bc5 20. Rc2
Rfc8 21. Rd7 b6 22. Be5 Rd8 23. Rb7 Rac8 24. e3 Kf8 25. Kg2 Ke8 26. Kh3 Rd7 27.
Rxd7 Kxd7 28. Bf6 Be7 29. Bxe7 Kxe7 30. Kg2 Kd6 31. Rd2+ Ke7 32. Rd4 f5 33. f3
exf3+ 34. Kxf3 e5 35. Rd5 e4+ 36. Kf4 Rxc4 37. g4 fxg4 38. Rb5 Rc2 39. Rxb6
Rxa2 40. Rb7+ Kf6 1/2-1/2

[Event "GBR-ch"]
[Site "Aberystwyth, Wales"]
[Date "2014.07.29"]
[Round "10.19"]
[White "Elwin, Adrian G"]
[Black "Waddington, Mike P"]
[Result "1/2-1/2"]
[WhiteElo "1974"]
[BlackElo "2085"]
[PlyCount "62"]
[EventDate "2014.07.19"]
[EventType "swiss"]
[EventRounds "11"]
[EventCountry "GBR"]
[Source "John Saunders"]
[SourceDate "2015.07.24"]

1. d4 Nf6 2. c4 g6 3. Nc3 d5 4. Qb3 dxc4 5. Qxc4 Bg7 6. Nf3 O-O 7. Bf4 Na6 8.
e4 c5 9. d5 e6 10. Be2 exd5 11. exd5 Bf5 12. O-O Re8 13. Rad1 Ne4 14. Bd3 Bxc3
15. bxc3 b5 16. Qxb5 Nxc3 17. Qxa6 Bxd3 18. Qxd3 Ne2+ 19. Kh1 Nxf4 20. Qc4 Qd6
21. g3 Nh5 22. Rfe1 Nf6 23. Rxe8+ Rxe8 24. Nd2 Qxd5+ 25. Qxd5 Nxd5 26. Nb3 Nb6
27. Nxc5 Re2 28. a4 Rc2 29. Ne4 Rc4 30. Nf6+ Kg7 31. a5 Kxf6 1/2-1/2

[Event "GBR-ch"]
[Site "Aberystwyth, Wales"]
[Date "2014.07.29"]
[Round "10.20"]
[White "Brown, Thomas"]
[Black "Jones, Steven A"]
[Result "0-1"]
[WhiteElo "2104"]
[BlackElo "2064"]
[PlyCount "58"]
[EventDate "2014.07.19"]
[EventType "swiss"]
[EventRounds "11"]
[EventCountry "GBR"]
[Source "John Saunders"]
[SourceDate "2015.07.24"]

1. d4 Nf6 2. Nf3 e6 3. c4 Bb4+ 4. Nc3 b6 5. Bg5 h6 6. Bh4 g5 7. Bg3 Ne4 8. Qc2
Bb7 9. Be5 Bxc3+ 10. bxc3 f6 11. d5 exd5 12. cxd5 Bxd5 13. Rd1 Bb7 14. Bg3 Na6
15. Nd2 Qe7 16. Nxe4 Bxe4 17. Qb2 O-O-O 18. f3 Bb7 19. e4 f5 20. Be2 fxe4 21.
O-O exf3 22. gxf3 Rhf8 23. a4 Rde8 24. Rde1 Qc5+ 25. Bf2 Qf5 26. a5 Nc5 27.
axb6 axb6 28. Qa3 Rxe2 29. Rxe2 Qxf3 0-1

[Event "GBR-ch"]
[Site "Aberystwyth, Wales"]
[Date "2014.07.29"]
[Round "10.21"]
[White "Burnett, Jim"]
[Black "Hoare, Amy B"]
[Result "0-1"]
[WhiteElo "2124"]
[BlackElo "1950"]
[PlyCount "90"]
[EventDate "2014.07.19"]
[EventType "swiss"]
[EventRounds "11"]
[EventCountry "GBR"]
[Source "John Saunders"]
[SourceDate "2015.07.24"]

1. d4 d5 2. c4 e6 3. Nc3 Nf6 4. Bg5 Be7 5. e3 O-O 6. Nf3 Nbd7 7. Rc1 a6 8. cxd5
exd5 9. Bd3 Re8 10. Bf4 c6 11. O-O Nf8 12. h3 Ne6 13. Bh2 g6 14. Ne5 Ng7 15.
Qb3 Bd6 16. Na4 Rb8 17. Kh1 Bf5 18. Be2 Ne4 19. Nf3 Bxh2 20. Kxh2 Be6 21. Qd1
Nf5 22. Nc5 Nxc5 23. Rxc5 Nd6 24. Rc1 Ne4 25. Kg1 Qb6 26. b3 Qb4 27. Qc2 a5 28.
Ne5 Qa3 29. Bd3 Nd6 30. Qc5 Qxc5 31. Rxc5 Ra8 32. a4 f6 33. Nf3 Bf5 34. Be2 Ne4
35. Rcc1 Kf7 36. Rfd1 Re7 37. Ne1 Nd6 38. g4 Bd7 39. Nd3 Ne4 40. Kg2 Nd6 41. h4
h6 42. Bf3 Kg7 43. Nc5 f5 44. gxf5 Bxf5 45. Rh1 b6 0-1

[Event "GBR-ch"]
[Site "Aberystwyth, Wales"]
[Date "2014.07.29"]
[Round "10.22"]
[White "Menadue, Jeremy F S"]
[Black "Brusey, Alan W"]
[Result "1-0"]
[WhiteElo "2117"]
[BlackElo "1951"]
[PlyCount "53"]
[EventDate "2014.07.19"]
[EventType "swiss"]
[EventRounds "11"]
[EventCountry "GBR"]
[Source "John Saunders"]
[SourceDate "2015.07.24"]

1. d4 d5 2. c4 c6 3. Nf3 Nf6 4. e3 e6 5. Nc3 Nbd7 6. Qc2 a6 7. b3 Bd6 8. Bb2
O-O 9. Bd3 e5 10. dxe5 Nxe5 11. Nxe5 Bxe5 12. O-O-O Qa5 13. Kb1 b5 14. cxd5
cxd5 15. Nxd5 Bxb2 16. Kxb2 Qd8 17. Nc7 Ra7 18. Bxh7+ Nxh7 19. Rxd8 Rxd8 20.
Rd1 Rf8 21. Qc5 Rb7 22. Nxa6 Nf6 23. f3 Be6 24. Nb4 Nd7 25. Qc6 Rfb8 26. Na6
Rb6 27. Nxb8 1-0